LEADER 02509oas 2200961 a 450 001 9910139688203321 005 20251105213014.0 011 $a2212-5353 035 $a(DE-599)ZDB2660821-2 035 $a(DE-599)2660821-2 035 $a(OCoLC)808858132 035 $a(CONSER) 2013250593 035 $a(CKB)2550000000092399 035 $a(EXLCZ)992550000000092399 100 $a20120328a20129999 uy 101 0 $aeng 135 $aur||||||||||| 181 $ctxt$2rdacontent 182 $cc$2rdamedia 183 $acr$2rdacarrier 200 00$aRespiratory investigation 210 $a[Amsterdam] $cElsevier B.V.$dİ2012- 215 $a1 online resource 300 $aRefereed/Peer-reviewed 311 08$a2212-5345 517 1 $aRespir Invest 606 $aRespiratory organs$xDiseases$vPeriodicals 606 $aRespiratory infections$vPeriodicals 606 $aRespiratory Tract Diseases 606 $aLung Diseases 606 $aAsian People 606 $aGenomics 606 $aAppareil respiratoire$xMaladies$vPe?riodiques 606 $aAppareil respiratoire$xInfections$vPe?riodiques 606 $aRespiratory infections$2fast$3(OCoLC)fst01095737 606 $aRespiratory organs$xDiseases$2fast$3(OCoLC)fst01095766 608 $aPeriodicals.$2fast 608 $aPeriodicals.$2lcgft 615 0$aRespiratory organs$xDiseases 615 0$aRespiratory infections 615 2$aRespiratory Tract Diseases. 615 2$aLung Diseases. 615 2$aAsian People. 615 2$aGenomics. 615 6$aAppareil respiratoire$xMaladies 615 6$aAppareil respiratoire$xInfections 615 7$aRespiratory infections. 615 7$aRespiratory organs$xDiseases. 676 $a616.2 712 02$aNihon Kokyu?ki Gakkai. 801 0$bLND 801 1$bLND 801 2$bOCLCO 801 2$bTEF 801 2$bTXA 801 2$bOPELS 801 2$bBUF 801 2$bOPELS 801 2$bOCLCF 801 2$bOCLCA 801 2$bOCLCQ 801 2$bUAB 801 2$bOCLCQ 801 2$bFQM 801 2$bAU@ 801 2$bOCLCO 801 2$bAUD 801 2$bU3W 801 2$bVT2 801 2$bOCLCO 801 2$bCUS 801 2$bOCLCO 801 2$bQGK 801 2$bOCLCQ 801 2$bOCLCA 801 2$bOCLCQ 801 2$bUEJ 801 2$bOCLCL 801 2$bOCLCQ 906 $aJOURNAL 912 $a9910139688203321 996 $aRespiratory investigation$91892708 997 $aUNINA